000 01780nam a2200325 a 4500
003 CO-PeBPR
005 20260423114057.0
008 260415e2024 ck a|||| n||| 00| 0 spa c
020 _a9789587896435
040 0 _aCO-PeBPR
_bspa
_cCO-PeBPR
_erda
041 0 _hspa
082 0 4 _a510.7 V331z
100 1 _aVasco Uribe, Carlos Eduardo
_eautor
245 1 0 _aEl Zoológico Numérico
_c/ Carlos Eduardo Vasco Uribe
250 _aEdición especial
264 1 _aBogotá, Colombia
_b: : Editorial Uninorte
_c, 2024
300 _a253 páginas
_b: ilustraciones, figuras a color
_c; 24 centímetros
336 _atexto
_btxt
_crdacontenido
337 _asin mediación
_bn
_2rdamedio
338 _avolumen
_bnc
_2rdasoporte
490 _aPlan Nacional de Lectura, Escritura y Oralidad / Ministerio de las Culturas, las Artes y los Saberes.
500 _aIncluye índice.
500 _aContiene datos biográficos del autor en la solapa del texto
520 _aCarlos Vasco hace una aproximación magnífica, en su particular estilo agudo y a la vez sencillo, a un tema realmente complejo, subvalorado y, sin embargo, fundamental para el desarrollo del pensamiento de la juventud: la educación matemática en la formación básica, media y universitaria. En esta obra, el lector se adentrará en el Zoológico Numérico, un paisaje mental en el que, en lugar de animales salvajes, existe una gran variedad de números, algunos son "mansitos" otros son "predadores", entre todos se crean vínculos y relaciones numéricas que los transforman.
521 _aRecomendado para jóvenes y adultos.
650 1 4 _2LEMB
_aMatemáticas
_xEnseñanza elemental
650 1 4 _2LEMB
_aMatemáticas recreativas
650 1 4 _2LEMB
_aJuegos en la enseñanza de las matemáticas
942 _2ddc
_cBK
999 _c17768
_d17768